[Event "Euskadi-chT (Vasca) Div 1st"]
[Site "Bergara"]
[Date "2012.03.03"]
[Round "8.3"]
[White "Zamarbide Inarrea, Borja"]
[Black "Padilla Cabero, Pablo"]
[Result "0-1"]
[WhiteElo "2192"]
[BlackElo "2167"]
[PlyCount "40"]
[EventDate "2012.01.14"]
[EventType "team-tourn"]
[EventRounds "9"]
[EventCountry "ESP"]
[SourceTitle "EXT 2024"]
[Source "ChessBase"]
[SourceDate "2023.10.10"]
[SourceVersion "1"]
[SourceVersionDate "2023.10.10"]
[SourceQuality "1"]

1. f4 d5 2. Nf3 Nc6 3. b3 Bg4 4. e3 e5 5. h3 Bxf3 6. Qxf3 exf4 7. Bb5 Qh4+ 8. Kd1 Bd6 9. c4 a6 10. cxd5 axb5 11. dxc6 b6 12. Bb2 Ne7 13. Nc3 fxe3 14. Nxb5 0-0-0 15. Nxd6+ Rxd6 16. Qxe3 Rhd8 17. Bc3 Nd5 18. Qf3 Nxc3+ 19. Qxc3 Qf2 20. Kc1 Qxg2 0-1

[Event "Euskadi-ch"]
[Site "Zornotza"]
[Date "2011.04.26"]
[Round "5"]
[White "Alcaide Luque, Aitor"]
[Black "Padilla Cabero, Pablo"]
[Result "1-0"]
[WhiteElo "2192"]
[BlackElo "2147"]
[PlyCount "90"]
[EventDate "2011.04.23"]
[EventType "swiss"]
[EventRounds "7"]
[EventCountry "ESP"]
[SourceTitle "EXT 2018"]
[Source "ChessBase"]
[SourceDate "2017.10.13"]
[SourceVersion "1"]
[SourceVersionDate "2017.10.13"]
[SourceQuality "1"]

1. d4 f5 2. g3 e6 3. Bg2 Nf6 4. Nf3 Be7 5. 0-0 0-0 6. c4 d6 7. Nc3 a5 8. Qc2 Nc6 9. a3 e5 10. dxe5 dxe5 11. Rd1 Qe8 12. Nd5 Bd8 13. Bg5 Rf7 14. b3 h6 15. Bc1 e4 16. Ne1 Ne5 17. Be3 a4 18. b4 Be6 19. Bf4 Ng6 20. Bc1 b5 21. f3 c6 22. fxe4 fxe4 23. Nxf6+ Bxf6 24. Bxe4 Ne5 25. Rd6 Bxc4 26. Bb2 Qe7 27. Qd2 Bg5 28. Qd4 Ng4 29. Ng2 Bf6 30. Rxf6 Nxf6 31. Bxc6 Rd8 32. Qe5 Qa7+ 33. e3 Ng4 34. Qe4 Rdf8 35. Nf4 Qxe3+ 36. Qxe3 Nxe3 37. Re1 Nc2 38. Re5 g5 39. Ng6 Rf1+ 40. Kg2 R1f2+ 41. Kg1 Rf1+ 42. Kg2 Ne1+ 43. Kh3 Nd3 44. Bd5+ Bxd5 45. Rxd5 Nxb2 1-0

[Event "Euskadi-ch"]
[Site "Zornotza"]
[Date "2011.04.25"]
[Round "3"]
[White "Padilla Cabero, Pablo"]
[Black "Guijarro Galan, Jose Luis"]
[Result "0-1"]
[WhiteElo "2147"]
[BlackElo "2206"]
[PlyCount "90"]
[EventDate "2011.04.23"]
[EventType "swiss"]
[EventRounds "7"]
[EventCountry "ESP"]
[SourceTitle "EXT 2018"]
[Source "ChessBase"]
[SourceDate "2017.10.13"]
[SourceVersion "1"]
[SourceVersionDate "2017.10.13"]
[SourceQuality "1"]

1. d3 b6 2. e4 Bb7 3. Nc3 e6 4. f4 d5 5. Bd2 Nf6 6. e5 Nfd7 7. Nf3 d4 8. Ne4 Nc5 9. Nfg5 Be7 10. Qh5 Bxg5 11. Nxg5 Qe7 12. Be2 Bxg2 13. Rg1 g6 14. Qh6 Bd5 15. Nf3 Nc6 16. a3 a5 17. 0-0-0 b5 18. f5 exf5 19. Bg5 Qf8 20. Qh4 Ne6 21. Bf6 b4 22. a4 b3 23. c3 dxc3 24. bxc3 Qc5 25. Kd2 f4 26. d4 Qa3 27. Bxh8 Qb2+ 28. Ke1 Qxc3+ 29. Kf2 Qe3+ 30. Kf1 Bxf3 31. Qf2 Qxe2+ 32. Qxe2 Bxe2+ 33. Kxe2 Ncxd4+ 34. Kf2 c5 35. Rc1 Rb8 36. Rgd1 b2 37. Rb1 c4 38. Rxd4 Nxd4 39. e6 Nxe6 40. Bc3 Nc5 41. Bxb2 c3 42. Re1+ Kd7 43. Rd1+ Ke6 44. Ba3 c2 45. Rd4 Rb3 0-1

[Event "BCF-chT3 1011 (4NCL)"]
[Site "England"]
[Date "2011.03.26"]
[Round "7.33"]
[White "Padilla Cabero, Pablo"]
[Black "Sully, David John"]
[Result "1-0"]
[WhiteElo "2147"]
[BlackElo "2106"]
[PlyCount "82"]
[EventDate "2010.11.06"]
[EventType "team-swiss"]
[EventRounds "9"]
[EventCountry "ENG"]
[SourceTitle "EXT 2012"]
[Source "ChessBase"]
[SourceDate "2011.11.24"]
[SourceVersion "1"]
[SourceVersionDate "2011.11.24"]
[SourceQuality "1"]
[WhiteTeam "Brown Jack"]
[BlackTeam "The Full Ponty"]
[WhiteTeamCountry "ENG"]
[BlackTeamCountry "ENG"]

1. e4 b6 2. d4 Bb7 3. Nd2 e6 4. Ngf3 d6 5. Bd3 Nd7 6. 0-0 g6 7. Nc4 Bg7 8. Bg5 Ne7 9. Re1 h6 10. Bf4 0-0 11. Qd2 Kh7 12. Rad1 a6 13. c3 Rb8 14. h4 b5 15. Ne3 e5 16. Bh2 f6 17. Nf1 Qe8 18. c4 bxc4 19. Bxc4 Nb6 20. Bb3 Nc6 21. d5 Ne7 22. Rc1 Rc8 23. Ne3 f5 24. Qa5 fxe4 25. Nd2 Qb5 26. Qa3 Nexd5 27. Nxe4 Nb4 28. Nc3 Qd3 29. Qxb4 Qd2 30. Bg3 Qd4 31. Qa5 e4 32. Red1 Qf6 33. Ncd5 Nxd5 34. Bxd5 Bxd5 35. Nxd5 Qxb2 36. Rxc7 Rxc7 37. Qxc7 Qxa2 38. Qxd6 a5 39. h5 gxh5 40. Qe7 Qc2 41. Ne3 h4 1-0

[Event "BCF-chT3 1011 (4NCL)"]
[Site "England"]
[Date "2010.11.07"]
[Round "2.32"]
[White "Waterfield, John"]
[Black "Padilla Cabero, Pablo"]
[Result "0-1"]
[WhiteElo "2005"]
[BlackElo "2147"]
[PlyCount "60"]
[EventDate "2010.11.06"]
[EventType "team-swiss"]
[EventRounds "9"]
[EventCountry "ENG"]
[SourceTitle "CBM 139 Extra"]
[Source "ChessBase"]
[SourceDate "2011.01.05"]
[SourceVersion "1"]
[SourceVersionDate "2011.01.05"]
[SourceQuality "1"]
[WhiteTeam "Gloucestershire Gambits"]
[BlackTeam "Brown Jack"]
[WhiteTeamCountry "ENG"]
[BlackTeamCountry "ENG"]

1. e4 Nf6 2. e5 Nd5 3. d4 c5 4. Nf3 cxd4 5. c3 e6 6. cxd4 b6 7. Bd3 Bb4+ 8. Bd2 Bxd2+ 9. Qxd2 Ba6 10. Be4 Nc6 11. Bxd5 exd5 12. Nc3 Nb4 13. 0-0-0 Rc8 14. Kb1 Bd3+ 15. Ka1 Nc2+ 16. Kb1 Bg6 17. Rc1 Nb4+ 18. Ka1 0-0 19. a3 a5 20. b3 Nd3 21. Rcf1 d6 22. Ne1 Qc7 23. Nxd5 Qb7 24. Ne3 Nc1 25. Kb2 dxe5 26. Nc4 Nxb3 27. Qc3 Rxc4 28. Qxb3 Rfc8 29. dxe5 a4 30. Qb5 Qe7 0-1